Espana y los espanoles hace dos mil anos, : (Registro nro. 19299)
[ vista simple ]
| 000 -CABECERA | |
|---|---|
| campo de control de longitud fija | 00978cam a22002531 4500 |
| 001 - NÚMERO DE CONTROL | |
| campo de control | 000019786 |
| 005 - FECHA Y HORA DE LA ÚLTIMA TRANSACCIÓN | |
| campo de control | 20200929170135.0 |
| 008 - DATOS DE LONGITUD FIJA--INFORMACIÓN GENERAL | |
| campo de control de longitud fija | 790321s1968 sp ab 000 0 spa |
| 010 ## - NÚMERO DE CONTROL DE LA BIBLIOTECA DEL CONGRESO | |
| Número de control de LC | 70257042 |
| 035 ## - NÚMERO DE CONTROL DEL SISTEMA | |
| Número de control de sistema | (OCoLC)4761430 |
| 040 ## - FUENTE DE LA CATALOGACIÓN | |
| Centro catalogador/agencia de origen | DO-SdBNP |
| Centro/agencia transcriptor | KyRE |
| Centro/agencia modificador | DLC |
| 041 1# - CÓDIGO DE LENGUA | |
| Código de lengua del texto/banda sonora o título independiente | spa |
| Código de lengua original | grc |
| 050 00 - SIGNATURA TOPOGRÁFICA DE LA BIBLIOTECA DEL CONGRESO | |
| Número de clasificación | DP28 |
| Número de documento/Ítem | .S8518 1968 |
| 100 0# - ENTRADA PRINCIPAL--NOMBRE DE PERSONA | |
| Nombre de persona | Strabo. |
| 9 (RLIN) | 42256 |
| 245 10 - MENCIÓN DE TÍTULO | |
| Título | Espana y los espanoles hace dos mil anos, : |
| Resto del título | segun la Geografia de Strabon. |
| 250 ## - MENCIÓN DE EDICIÓN | |
| Mención de edición | 4. ed. |
| 260 ## - PUBLICACIÓN, DISTRIBUCIÓN, ETC. | |
| Lugar de publicación, distribución, etc. | Madrid, : |
| Nombre del editor, distribuidor, etc. | Espasa-Calpe, |
| Fecha de publicación, distribución, etc. | [1968]. |
| 300 ## - DESCRIPCIÓN FÍSICA | |
| Extensión | 270 p. : |
| Otras características físicas | illus., maps. ; |
| Dimensiones | 19 cm. |
| 500 ## - NOTA GENERAL | |
| Nota general | A translation, with commentary, by Antonio Garcia y Bellido, of the third book of Strabo's Geographika and of other portions of the same work relating to Spain. |
| 651 #0 - PUNTO DE ACCESO ADICIONAL DE MATERIA--NOMBRE GEOGRÁFICO | |
| Nombre geográfico | Spain |
| Subdivisión general | Description And Travel |
| Subdivisión de forma | Early works to 1800. |
| 9 (RLIN) | 42257 |
| 651 #0 - PUNTO DE ACCESO ADICIONAL DE MATERIA--NOMBRE GEOGRÁFICO | |
| Nombre geográfico | Spain |
| Subdivisión general | Antiquities |
| Subdivisión de forma | Early works to 1800. |
| 9 (RLIN) | 42258 |
| 700 1# - PUNTO DE ACCESO ADICIONAL--NOMBRE DE PERSONA | |
| Nombre de persona | Garcia y Bellido, Antonio, |
| Fechas asociadas al nombre | 1903-1972. |
| 9 (RLIN) | 42259 |
| 910 ## - DATOS DE OPCIÓN DEL USUARIO (OCLC) | |
| Datos de opción del usuario | Catalogación derivada / LC |
| Estado de retiro | Estado de pérdida | Restricciones de uso | No para préstamo | Código de colección | Localización permanente | Ubicación/localización actual | Ubicación en estantería | Fecha de adquisición | Número de inventario | Total de préstamos | Signatura topográfica completa | Código de barras | Fecha visto por última vez | Precio válido a partir de | Tipo de ítem Koha |
|---|---|---|---|---|---|---|---|---|---|---|---|---|---|---|---|
| Excluido de préstamo | Monografías: Libros y Folletos | General | General | En catalogación | 06.07.2010 | LF1 | 19786-10 | 25.06.2020 | 25.06.2020 | No se presta |
